[Event "Fall GM Norm Invitational 2020"]
[Site "Charlotte"]
[Date "2020.10.03"]
[Round "6.2"]
[White "Fernandez, Daniel"]
[Black "Liang, Jason"]
[Result "1-0"]
[WhiteElo "2470"]
[BlackElo "2367"]
[Annotator "ChessBase"]
[PlyCount "129"]
[EventDate "2020.09.30"]
[EventType "tourn"]
[EventCountry "USA"]
[SourceTitle "playchess.com"]
[Source "ChessBase"]
[SourceQuality "1"]
[TimeControl "5400+30"]

1. e4 {[%emt 1:30:30]} c6 {[%emt 1:30:30]} 2. d4 {[%emt 0:00:30]} d5 3. exd5 {[%emt 0:00:30]} cxd5 4. Bd3 {[%emt 0:00:30]} Nc6 {[%emt 0:01:30]} 5. c3 Nf6 {[%emt 0:00:30]} 6. Bf4 {[%emt 0:01:00]} g6 {[%emt 0:00:30]} 7. Na3 {[%emt 0:00:30]} Nh5 {[%emt 0:00:30]} 8. Be3 {[%emt 0:00:30]} f6 {[%emt 0:00:30]} 9. Qb3 {[%emt 0:00:30]} a6 {[%emt 0:00:30]} 10. Ne2 {[%emt 0:00:30]} b5 {[%emt 0:00:30]} 11. Ng3 {[%emt 0:00:30]} Nxg3 {[%emt 0:00:30]} 12. hxg3 {[%emt 0:00:30]} f5 {[%emt 0:00:30]} 13. g4 {[%emt 0:00:30]} e6 {[%emt 0:00:30]} 14. gxf5 {[%emt 0:00:30]} exf5 {[%emt 0:00:30]} 15. g4 {[%emt 0:00:30]} Na5 {[%emt 0:00:30]} 16. Qd1 {[%emt 0:00:30]} Bxa3 {[%emt 0:00:30]} 17. bxa3 {[%emt 0:00:30]} O-O {[%emt 0:00:30]} 18. Bh6 {[%emt 0:00:30]} Re8+ {[%emt 0:00:30]} 19. Kf1 {[%emt 0:00:30]} fxg4 {[%emt 0:00:30]} 20. Qd2 {[%emt 0:00:30]} Qf6 {[%emt 0:00:30]} 21. Qf4 {[%emt 0:00:30]} Qxf4 {[%emt 0:00:30]} 22. Bxf4 {[%emt 0:00:30]} Bd7 {[%emt 0:00:30]} 23. Kg2 {[%emt 0:00:30]} Rac8 {[%emt 0:00:30]} 24. Rac1 {[%emt 0:00:30]} Nc4 {[%emt 0:00:30]} 25. Rh6 {[%emt 0:00:30]} Rf8 {[%emt 0:00:30]} 26. Bg3 {[%emt 0:00:30]} Bf5 {[%emt 0:00:30]} 27. Bxf5 {[%emt 0:00:30]} Rxf5 {[%emt 0:00:30]} 28. Rch1 {[%emt 0:00:30]} Rf7 {[%emt 0:00:30]} 29. R1h4 {[%emt 0:00:30]} Re8 {[%emt 0:00:30]} 30. Rxg4 {[%emt 0:00:30]} Re2 {[%emt 0:00:30]} 31. Kh3 {[%emt 0:00:30]} Rxa2 {[%emt 0:00:30]} 32. Rh5 {[%emt 0:00:30]} Rd7 {[%emt 0:00:30]} 33. Rgg5 {[%emt 0:00:30]} Nb6 {[%emt 0:00:30]} 34. f4 {[%emt 0:00:30]} Kf8 {[%emt 0:00:30]} 35. Rh4 {[%emt 0:00:30]} Rf7 {[%emt 0:00:30]} 36. f5 {[%emt 0:00:30]} Rxf5 {[%emt 0:00:30]} 37. Rxf5+ {[%emt 0:00:30]} gxf5 {[%emt 0:00:30]} 38. Rxh7 {[%emt 0:00:30]} Rxa3 {[%emt 0:00:30]} 39. Rc7 {[%emt 0:00:30]} Nc4 {[%emt 0:00:30]} 40. Rxc4 {[%emt 0:00:30]} Rb3 {[%emt 0:00:30]} 41. Rc7 {[%emt 0:00:30]} Ke8 {[%emt 0:00:30]} 42. Kh4 {[%emt 0:00:30]} a5 {[%emt 0:00:30]} 43. Bd6 {[%emt 0:00:30]} Kd8 {[%emt 0:00:30]} 44. Kg5 {[%emt 0:00:30]} a4 {[%emt 0:00:30]} 45. Kxf5 {[%emt 0:00:30]} a3 {[%emt 0:00:30]} 46. Ra7 {[%emt 0:00:30]} Rxc3 {[%emt 0:00:30]} 47. Ke6 {[%emt 0:00:30]} b4 {[%emt 0:00:30]} 48. Ra8+ {[%emt 0:00:30]} Rc8 {[%emt 0:00:30]} 49. Rxc8+ {[%emt 0:00:30]} Kxc8 {[%emt 0:00:30]} 50. Bxb4 {[%emt 0:00:30]} a2 {[%emt 0:00:30]} 51. Bc3 {[%emt 0:00:30]} Kc7 {[%emt 0:00:30]} 52. Kxd5 {[%emt 0:00:30]} Kb6 {[%emt 0:00:30]} 53. Kc4 {[%emt 0:00:30]} Kc6 {[%emt 0:00:30]} 54. Kb3 {[%emt 0:00:30]} Kb5 {[%emt 0:00:30]} 55. Kxa2 {[%emt 0:00:30]} Kc4 {[%emt 0:00:30]} 56. Kb2 {[%emt 0:00:30]} Kd5 {[%emt 0:00:30]} 57. Kb3 {[%emt 0:00:30]} Kc6 {[%emt 0:00:30]} 58. Kc4 {[%emt 0:00:30]} Kd6 {[%emt 0:00:30]} 59. d5 {[%emt 0:00:30]} Kd7 {[%emt 0:00:30]} 60. Be5 {[%emt 0:00:30]} Ke7 {[%emt 0:00:30]} 61. Kb5 {[%emt 0:00:30]} Kd7 {[%emt 0:00:30]} 62. Kb6 {[%emt 0:00:30]} Kd8 {[%emt 0:00:30]} 63. Kc6 {[%emt 0:00:30]} Kc8 {[%emt 0:00:30]} 64. d6 {[%emt 0:00:30]} Kd8 {[%emt 0:00:30]} 65. Bf6+ {[%emt 0:00:30]} 1-0

[Event "Fall GM Norm Invitational 2020"]
[Site "Charlotte"]
[Date "2020.10.03"]
[Round "6.3"]
[White "Dragun, Kamil"]
[Black "Stremavicius, Titas"]
[Result "1/2-1/2"]
[WhiteElo "2561"]
[BlackElo "2517"]
[Annotator "TA"]
[PlyCount "66"]
[EventDate "2020.09.30"]
[EventType "tourn"]
[EventCountry "USA"]
[SourceTitle "playchess.com"]
[Source "ChessBase"]
[SourceQuality "1"]

{[%evp 15,66,11,24,25,24,28,29,25,33,23,31,35,35,25,35,31,33,22,18,22,35,26,23,31,37,24,26,37,26,34,26,23,105,114,129,145,175,0,0,0,0,-9,0,-10,-1,-39,-37,-37,0,-41,6,6,27]} 1. d4 d5 2. c4 e6 3. Nc3 Nf6 4. cxd5 exd5 5. Bg5 Nbd7 6. e3 Be7 7. Bd3 c6 8. Nge2 h6 {8...Nf8 is setting a new trend.} 9. Bh4 {D35: Queen's Gambit Declined: Exchange Variation.} Nh5 10. Bxe7 Qxe7 11. Qd2 {White has an edge.} Nb6 12. O-O O-O 13. f3 Qg5 14. Rae1 Bd7 {[#]} 15. g4 $146 ({Predecessor:} 15. Nf4 Nxf4 16. exf4 Qf6 17. Re5 Qd6 18. Rfe1 Rfe8 19. b3 f6 20. R5e2 Rxe2 21. Rxe2 {0-1 (108) Berkes,F (2662)-Medvegy,Z (2536) Budapest 2018}) 15... Rae8 16. Kf2 Nf6 17. Ng3 Qh4 {[%cal Rh4h2]} 18. Kg2 g6 19. h3 h5 20. Qf2 hxg4 21. hxg4 {Strongly threatening Rh1.} Qg5 $1 22. Nd1 Kg7 23. Be2 {f4 is the strong threat.} Ng8 (23... Nh7 $1 $11) 24. Rh1 $16 Qd8 {[#]} 25. f4 $1 Nf6 {[#]} 26. g5 $2 ({White has to play} 26. f5 $1 $18) 26... Ng4 $11 27. Qf3 {Threatens to win with f5.} f5 28. Bd3 Qe7 29. Rh3 Rh8 30. Reh1 Rxh3 31. Rxh3 Qb4 (31... c5 $5 {[%cal Rc5d4]} 32. Ne2 c4 $15) 32. Nf1 Nc4 33. Qe2 Nd6 {Accuracy: White = 88%, Black = 83%.} 1/2-1/2

[Event "Fall GM Norm Invitational 2020"]
[Site "Charlotte"]
[Date "2020.10.03"]
[Round "6.5"]
[White "Mista, Aleksander"]
[Black "Mishra, Abhimanyu"]
[Result "1-0"]
[WhiteElo "2574"]
[BlackElo "2342"]
[Annotator "TA"]
[PlyCount "95"]
[EventDate "2020.09.30"]
[EventType "tourn"]
[EventCountry "USA"]
[SourceTitle "playchess.com"]
[Source "ChessBase"]
[SourceQuality "1"]

{[%evp 18,95,27,12,44,21,16,16,11,-8,0,-83,0,-26,-9,0,48,55,204,194,356,76,244,243,498,525,518,498,735,729,729,719,715,640,693,634,757,757,753,757,757,757,757,752,748,732,826,746,972,970,868,915,1112,956,786,393,1132,1133,1028,940,12837,12838,12838,12839,12839,12835,12841,12841,12846,12846,12846,12843,29986,12843,12845,12846,12845,12845,12847,12847]} 1. e4 c5 2. Nf3 e6 3. d4 cxd4 4. Nxd4 Nc6 5. Nc3 Qc7 6. Be3 a6 7. Be2 Nf6 8. O-O Bb4 9. Nxc6 bxc6 10. f4 O-O {B49: Sicilian: Taimanov: 5 Nc3 Qc7 6 Be3 a6 7 Be2.} 11. e5 Nd5 12. Nxd5 cxd5 {The position is equal.} 13. Bd3 $5 {[%mdl 4] An interesting side line.} d6 14. Kh1 (14. Qg4 $11) 14... g6 (14... dxe5 $17 15. fxe5 Qxe5 {[%mdl 64] Double Attack}) 15. Qg4 {[#] f5 is the strong threat.} Bc5 $146 ({Predecessor:} 15... a5 16. Bd4 Bc5 17. exd6 Qxd6 18. Bf6 e5 19. Qh4 e4 20. f5 exd3 21. Rf3 Bxf5 22. Rxf5 {½-½ (34) Plenkovic,Z (2354)-Mastrovasilis,D (2580) Budva 2009}) 16. Rae1 d4 17. Bf2 $36 {[%mdl 2048] White is more active.} f5 {White now steadily converts the win.} ({Black should play} 17... dxe5 $14 18. fxe5 Bb7) 18. exf6 $1 $18 Rxf6 $2 {[#]} (18... Qf7 {might work better.} 19. Bh4 Bd7) 19. Qg5 $2 (19. f5 $1 $18 {[%cal Rf5g6][%mdl 512]} e5 (19... exf5 20. Re8+) 20. Bh4) 19... Qf7 $2 (19... Qg7 $16) 20. Bh4 Kg7 $2 (20... Rf5 {was called for.} 21. Bxf5 Qxf5 22. Qd8+ Qf8 23. Qxf8+ Kxf8) 21. f5 exf5 22. Bc4 ({Weaker is} 22. Qxf6+ Qxf6 23. Bxf6+ Kxf6 $16) 22... Re6 (22... h6 $142) 23. Bxe6 Bxe6 {[#]} 24. Rxe6 $1 {[%mdl 576] Clearance} Qxe6 25. Re1 h6 26. Qc1 ({Not} 26. Rxe6 hxg5 27. Bxg5 Rb8 $11) 26... Qe4 27. Rxe4 fxe4 {[#]} 28. b4 $1 Bb6 (28... Bxb4 29. Qb2) 29. Be7 Re8 30. Bxd6 e3 31. Bc5 e2 32. Qe1 Bxc5 33. bxc5 {[%mdl 4096] Endgame KQ-KR} Re6 {[#]} 34. c6 $1 d3 (34... Rxc6 35. Qxe2) 35. cxd3 Rxc6 36. Kg1 Rc2 $2 (36... Re6 37. Kf2 Kf7) 37. Kf2 h5 38. Qb1 Rd2 39. Qb7+ Kh6 40. Qxa6 e1=Q+ 41. Kxe1 Rxg2 42. h4 {White wants to mate with Qc8.} Rg4 {[#]} 43. Qf6 $1 {[%cal Rf6h8]} Kh7 44. d4 Rg2 45. a4 (45. Qf7+ $142 Kh8 46. d5 Rg1+ 47. Kf2 Rc1 48. d6 Rc5 49. Qxg6 Ra5 50. d7) 45... Rc2 {White is clearly winning.} 46. d5 {Intending d6 and mate.} Rc1+ 47. Kd2 Rc4 48. d6 {Accuracy: White = 76%, Black = 26%.} 1-0

[Event "Fall GM Norm Invitational 2020"]
[Site "Charlotte"]
[Date "2020.10.04"]
[Round "7.1"]
[White "Liang, Jason"]
[Black "Gauri, Shankar"]
[Result "0-1"]
[WhiteElo "2367"]
[BlackElo "2353"]
[Annotator "ChessBase"]
[PlyCount "136"]
[EventDate "2020.09.30"]
[EventType "tourn"]
[EventCountry "USA"]
[SourceTitle "playchess.com"]
[Source "ChessBase"]
[SourceQuality "1"]
[TimeControl "5400+30"]

1. e4 {[%emt 1:30:30]} e5 {[%emt 1:30:30]} 2. Nf3 {[%emt 0:00:30]} Nc6 {[%emt 0:00:30]} 3. Bb5 {[%emt 0:00:30]} Nf6 {[%emt 0:00:30]} 4. d3 {[%emt 0:00:30]} Bc5 {[%emt 0:00:30]} 5. Bxc6 {[%emt 0:00:30]} dxc6 {[%emt 0:00:30]} 6. Qe2 {[%emt 0:00:30]} Qe7 {[%emt 0:00:30]} 7. Be3 {[%emt 0:00:30]} Nd7 {[%emt 0:00:30]} 8. Nbd2 {[%emt 0:00:30]} a5 {[%emt 0:00:30]} 9. O-O {[%emt 0:00:30]} O-O {[%emt 0:00:30]} 10. a3 {[%emt 0:00:30]} Bd6 {[%emt 0:00:30]} 11. Rfd1 {[%emt 0:00:30]} Re8 {[%emt 0:00:30]} 12. Nf1 {[%emt 0:00:30]} c5 {[%emt 0:00:30]} 13. Ng3 {[%emt 0:00:30]} g6 {[%emt 0:00:30]} 14. h3 {[%emt 0:00:30]} Nf8 {[%emt 0:00:30]} 15. Nh2 {[%emt 0:00:30]} f5 {[%emt 0:00:30]} 16. exf5 {[%emt 0:00:30]} gxf5 {[%emt 0:00:30]} 17. Bd2 {[%emt 0:00:30]} Ng6 {[%emt 0:00:30]} 18. Re1 {[%emt 0:00:30]} Bd7 {[%emt 0:00:30]} 19. Qh5 {[%emt 0:00:30]} Rf8 {[%emt 0:00:30]} 20. Nf3 {[%emt 0:00:30]} f4 {[%emt 0:00:30]} 21. Ne4 {[%emt 0:00:30]} Qg7 {[%emt 0:00:30]} 22. Nh2 {[%emt 0:00:30]} Rf5 {[%emt 0:00:30]} 23. Qe2 {[%emt 0:00:30]} Raf8 {[%emt 0:00:30]} 24. Nf3 {[%emt 0:00:30]} Rh5 {[%emt 0:00:30]} 25. Kh2 {[%emt 0:00:30]} Bg4 {[%emt 0:00:30]} 26. Qf1 {[%emt 0:00:30]} Kh8 {[%emt 0:00:30]} 27. Ng1 {[%emt 0:00:30]} f3 {[%emt 0:00:30]} 28. Ng3 {[%emt 0:00:30]} fxg2 {[%emt 0:00:30]} 29. Qxg2 {[%emt 0:00:30]} Rh4 {[%emt 0:00:30]} 30. Ne4 {[%emt 0:00:30]} Be7 {[%emt 0:00:30]} 31. Re3 {[%emt 0:00:30]} Nf4 {[%emt 0:00:30]} 32. Qf1 {[%emt 0:00:30]} Be6 {[%emt 0:00:30]} 33. Rg3 {[%emt 0:00:30]} Qh6 {[%emt 0:00:30]} 34. Re1 {[%emt 0:00:30]} Qh5 {[%emt 0:00:30]} 35. Ree3 {[%emt 0:00:30]} b6 {[%emt 0:00:30]} 36. b3 {[%emt 0:00:30]} h6 {[%emt 0:00:30]} 37. a4 {[%emt 0:00:30]} Kh7 {[%emt 0:00:30]} 38. Bc1 {[%emt 0:00:30]} Rf5 {[%emt 0:00:30]} 39. Bb2 {[%emt 0:00:30]} Qf7 {[%emt 0:00:30]} 40. Rg4 {[%emt 0:00:30]} Ng6 {[%emt 0:00:30]} 41. Reg3 {[%emt 0:00:30]} Rxg4 {[%emt 0:00:30]} 42. hxg4 {[%emt 0:00:30]} Rf4 43. Qe2 {[%emt 0:00:30]} Bh4 {[%emt 0:01:00]} 44. Rg2 {[%emt 0:00:30]} Qd7 {[%emt 0:00:30]} 45. f3 {[%emt 0:00:30]} Rf8 {[%emt 0:00:30]} 46. Nh3 {[%emt 0:00:30]} Qf7 {[%emt 0:00:30]} 47. Nd2 {[%emt 0:00:30]} Bd5 {[%emt 0:00:30]} 48. Ng1 {[%emt 0:00:30]} Nf4 {[%emt 0:00:30]} 49. Qxe5 {[%emt 0:00:30]} Nxg2 {[%emt 0:00:30]} 50. Kxg2 {[%emt 0:00:30]} Re8 {[%emt 0:00:30]} 51. Qh2 {[%emt 0:00:30]} Bg5 {[%emt 0:00:30]} 52. Ne4 {[%emt 0:00:30]} Bxe4 {[%emt 0:00:30]} 53. dxe4 {[%emt 0:00:30]} Bf4 {[%emt 0:00:30]} 54. Qh4 {[%emt 0:00:30]} Bg5 {[%emt 0:00:30]} 55. Qg3 {[%emt 0:00:30]} Rd8 {[%emt 0:00:30]} 56. Nh3 {[%emt 0:00:30]} Rd2+ {[%emt 0:00:30]} 57. Kf1 {[%emt 0:00:30]} Bh4 {[%emt 0:00:30]} 58. Qf4 {[%emt 0:00:30]} Qxf4 {[%emt 0:00:30]} 59. Nxf4 {[%emt 0:00:30]} Rf2+ {[%emt 0:00:30]} 60. Kg1 {[%emt 0:00:30]} Rxf3 {[%emt 0:00:30]} 61. Nd5 {[%emt 0:00:30]} Rg3+ {[%emt 0:00:30]} 62. Kh2 {[%emt 0:00:30]} Rxg4 {[%emt 0:00:30]} 63. Kh3 {[%emt 0:00:30]} Rxe4 {[%emt 0:00:30]} 64. Nxc7 {[%emt 0:00:30]} Bd8 {[%emt 0:00:30]} 65. Nb5 {[%emt 0:00:30]} Re2 {[%emt 0:00:30]} 66. Na3 {[%emt 0:00:30]} h5 {[%emt 0:00:30]} 67. Bc1 {[%emt 0:00:30]} Bc7 {[%emt 0:00:30]} 68. Kh4 {[%emt 0:00:30]} Kg6 {[%emt 0:00:30]} 0-1

[Event "Fall GM Norm Invitational 2020"]
[Site "Charlotte"]
[Date "2020.10.04"]
[Round "7.3"]
[White "Daggupati, Balaji"]
[Black "Ostrovskiy, Aleksandr"]
[Result "1/2-1/2"]
[WhiteElo "2331"]
[BlackElo "2427"]
[Annotator "ChessBase"]
[PlyCount "117"]
[EventDate "2020.09.30"]
[EventType "tourn"]
[EventCountry "USA"]
[SourceTitle "playchess.com"]
[Source "ChessBase"]
[SourceQuality "1"]
[TimeControl "5400+30"]

1. e4 {[%emt 1:30:30]} c6 {[%emt 1:30:30]} 2. d4 {[%emt 0:00:30]} d5 {[%emt 0:00:30]} 3. e5 {[%emt 0:00:30]} c5 {[%emt 0:00:30]} 4. dxc5 {[%emt 0:00:30]} e6 {[%emt 0:00:30]} 5. a3 {[%emt 0:00:30]} Bxc5 {[%emt 0:00:30]} 6. b4 {[%emt 0:00:30]} Be7 {[%emt 0:00:30]} 7. Nf3 {[%emt 0:00:30]} Nd7 {[%emt 0:00:30]} 8. Bb2 {[%emt 0:00:30]} a5 {[%emt 0:00:30]} 9. b5 {[%emt 0:00:30]} Nh6 {[%emt 0:00:30]} 10. c4 {[%emt 0:00:30]} Nb6 {[%emt 0:00:30]} 11. cxd5 {[%emt 0:00:30]} exd5 {[%emt 0:00:30]} 12. Bd3 {[%emt 0:00:30]} Bf5 {[%emt 0:00:30]} 13. O-O {[%emt 0:00:30]} O-O {[%emt 0:00:30]} 14. Bc1 {[%emt 0:00:30]} Bg6 {[%emt 0:00:30]} 15. Bxh6 {[%emt 0:00:30]} gxh6 {[%emt 0:00:30]} 16. Nc3 {[%emt 0:00:30]} Rc8 {[%emt 0:00:30]} 17. Ne2 {[%emt 0:00:30]} Nc4 {[%emt 0:00:30]} 18. Bxg6 {[%emt 0:00:30]} hxg6 {[%emt 0:00:30]} 19. Qd3 {[%emt 0:00:30]} Re8 {[%emt 0:00:30]} 20. Nf4 {[%emt 0:00:30]} Bg5 {[%emt 0:00:30]} 21. Nxg5 {[%emt 0:00:30]} Qxg5 {[%emt 0:00:30]} 22. Nxd5 {[%emt 0:00:30]} Rxe5 {[%emt 0:00:30]} 23. Qh3 {[%emt 0:00:30]} Ree8 {[%emt 0:00:30]} 24. Rad1 {[%emt 0:00:30]} Rc5 {[%emt 0:00:30]} 25. Qd7 {[%emt 0:00:30]} Re2 {[%emt 0:00:30]} 26. Nc3 {[%emt 0:00:30]} Re6 {[%emt 0:00:30]} 27. Na4 {[%emt 0:00:30]} Nxa3 {[%emt 0:00:30]} 28. Nxc5 {[%emt 0:00:30]} Qxc5 {[%emt 0:00:30]} 29. Qxb7 {[%emt 0:00:30]} Qxb5 {[%emt 0:00:30]} 30. Rd8+ {[%emt 0:00:30]} Kg7 {[%emt 0:00:30]} 31. Qxb5 {[%emt 0:00:30]} Nxb5 {[%emt 0:00:30]} 32. Rd5 {[%emt 0:00:30]} Nc3 {[%emt 0:00:30]} 33. Rxa5 {[%emt 0:00:30]} Ne2+ {[%emt 0:00:30]} 34. Kh1 {[%emt 0:00:30]} h5 35. h4 {[%emt 0:00:30]} Nd4 {[%emt 0:01:00]} 36. g3 {[%emt 0:00:30]} Nf5 {[%emt 0:00:30]} 37. Kg2 {[%emt 0:00:30]} Nh6 {[%emt 0:00:30]} 38. Ra2 {[%emt 0:00:30]} Rf6 {[%emt 0:00:30]} 39. Rd1 {[%emt 0:00:30]} Rb6 {[%emt 0:00:30]} 40. Rd4 {[%emt 0:00:30]} Nf5 {[%emt 0:00:30]} 41. Rf4 {[%emt 0:00:30]} Rb7 {[%emt 0:00:30]} 42. Ra5 {[%emt 0:00:30]} Rc7 {[%emt 0:00:30]} 43. g4 {[%emt 0:00:30]} hxg4 {[%emt 0:00:30]} 44. Rxg4 {[%emt 0:00:30]} Kh6 {[%emt 0:00:30]} 45. Ra8 {[%emt 0:00:30]} Kh5 {[%emt 0:00:30]} 46. Raa4 {[%emt 0:00:30]} Rc2 {[%emt 0:00:30]} 47. Rgf4 {[%emt 0:00:30]} Rc7 {[%emt 0:00:30]} 48. Ra5 {[%emt 0:00:30]} Rb7 {[%emt 0:00:30]} 49. Rd5 {[%emt 0:00:30]} Ra7 {[%emt 0:00:30]} 50. Rc5 {[%emt 0:00:30]} Rb7 {[%emt 0:00:30]} 51. Rfc4 {[%emt 0:00:30]} Rb6 {[%emt 0:00:30]} 52. Kf3 {[%emt 0:00:30]} Rb3+ {[%emt 0:00:30]} 53. Kg2 {[%emt 0:00:30]} Rb6 {[%emt 0:00:30]} 54. Ra5 {[%emt 0:00:30]} Rb7 {[%emt 0:00:30]} 55. Raa4 {[%emt 0:00:30]} Rd7 {[%emt 0:00:30]} 56. Kf3 {[%emt 0:00:30]} Rd3+ {[%emt 0:00:30]} 57. Ke4 {[%emt 0:00:30]} Rd2 {[%emt 0:00:30]} 58. Kf3 {[%emt 0:00:30]} Rd3+ {[%emt 0:00:30]} 59. Kg2 {[%emt 0:00:30]} 1/2-1/2

[Event "Fall GM Norm Invitational 2020"]
[Site "Charlotte"]
[Date "2020.10.04"]
[Round "7.4"]
[White "Mishra, Abhimanyu"]
[Black "Dragun, Kamil"]
[Result "0-1"]
[WhiteElo "2342"]
[BlackElo "2561"]
[Annotator "ChessBase"]
[PlyCount "90"]
[EventDate "2020.09.30"]
[EventType "tourn"]
[EventCountry "USA"]
[SourceTitle "playchess.com"]
[Source "ChessBase"]
[SourceQuality "1"]
[TimeControl "5400+30"]

1. e4 {[%emt 1:30:30]} c5 {[%emt 1:30:30]} 2. Nf3 {[%emt 0:00:30]} d6 {[%emt 0:00:30]} 3. d4 {[%emt 0:00:30]} cxd4 {[%emt 0:00:30]} 4. Nxd4 {[%emt 0:00:30]} Nf6 {[%emt 0:00:30]} 5. Nc3 {[%emt 0:00:30]} a6 {[%emt 0:00:30]} 6. Bd3 {[%emt 0:00:30]} g6 {[%emt 0:00:30]} 7. f3 {[%emt 0:00:30]} Bg7 {[%emt 0:00:30]} 8. Be3 {[%emt 0:00:30]} Nbd7 {[%emt 0:00:30]} 9. Qd2 {[%emt 0:00:30]} b5 {[%emt 0:00:30]} 10. Bh6 {[%emt 0:00:30]} Bxh6 {[%emt 0:00:30]} 11. Qxh6 {[%emt 0:00:30]} e5 {[%emt 0:00:30]} 12. Nb3 {[%emt 0:00:30]} b4 {[%emt 0:00:30]} 13. Ne2 {[%emt 0:00:30]} Qb6 {[%emt 0:00:30]} 14. Nd2 {[%emt 0:00:30]} a5 {[%emt 0:00:30]} 15. Nc4 {[%emt 0:00:30]} Qc5 {[%emt 0:00:30]} 16. Qe3 {[%emt 0:00:30]} Ke7 {[%emt 0:00:30]} 17. Ng3 {[%emt 0:00:30]} Ba6 {[%emt 0:00:30]} 18. Qxc5 {[%emt 0:00:30]} Nxc5 {[%emt 0:00:30]} 19. Nf1 {[%emt 0:00:30]} Nxd3+ {[%emt 0:00:30]} 20. cxd3 {[%emt 0:00:30]} d5 {[%emt 0:00:30]} 21. Nxe5 {[%emt 0:00:30]} Ke6 {[%emt 0:00:30]} 22. d4 {[%emt 0:00:30]} dxe4 {[%emt 0:00:30]} 23. O-O-O {[%emt 0:00:30]} Rac8+ {[%emt 0:00:30]} 24. Kb1 {[%emt 0:00:30]} exf3 {[%emt 0:00:30]} 25. Nxf3 {[%emt 0:00:30]} Ne4 {[%emt 0:00:30]} 26. Ng3 {[%emt 0:00:30]} f5 {[%emt 0:00:30]} 27. Rhe1 {[%emt 0:00:30]} Kd5 {[%emt 0:00:30]} 28. Ne2 {[%emt 0:00:30]} Bxe2 {[%emt 0:00:30]} 29. Rxe2 {[%emt 0:00:30]} Rhe8 {[%emt 0:00:30]} 30. Rde1 {[%emt 0:00:30]} a4 {[%emt 0:00:30]} 31. Re3 {[%emt 0:00:30]} Rc7 {[%emt 0:00:30]} 32. Rd3 {[%emt 0:00:30]} g5 {[%emt 0:00:30]} 33. Rf1 {[%emt 0:00:30]} f4 {[%emt 0:00:30]} 34. h3 {[%emt 0:00:30]} Rec8 {[%emt 0:00:30]} 35. h4 {[%emt 0:00:30]} h6 {[%emt 0:00:30]} 36. hxg5 {[%emt 0:00:30]} hxg5 37. Nd2 {[%emt 0:00:30]} Ng3 {[%emt 0:01:00]} 38. Re1 {[%emt 0:00:30]} Ne2 {[%emt 0:00:30]} 39. a3 {[%emt 0:00:30]} Rc1+ {[%emt 0:00:30]} 40. Rxc1 {[%emt 0:00:30]} Rxc1+ {[%emt 0:00:30]} 41. Ka2 {[%emt 0:00:30]} Rd1 {[%emt 0:00:30]} 42. Rh3 {[%emt 0:00:30]} Nc1+ {[%emt 0:00:30]} 43. Kb1 {[%emt 0:00:30]} Nb3+ {[%emt 0:00:30]} 44. Kc2 {[%emt 0:00:30]} Rxd2+ {[%emt 0:00:30]} 45. Kb1 Nxd4 {[%emt 0:00:30]} 0-1

[Event "Fall GM Norm Invitational 2020"]
[Site "Charlotte"]
[Date "2020.10.04"]
[Round "7.5"]
[White "Stremavicius, Titas"]
[Black "Fernandez, Daniel"]
[Result "1/2-1/2"]
[WhiteElo "2517"]
[BlackElo "2470"]
[Annotator "ChessBase"]
[PlyCount "20"]
[EventDate "2020.09.30"]
[EventType "tourn"]
[EventCountry "USA"]
[SourceTitle "playchess.com"]
[Source "ChessBase"]
[SourceQuality "1"]
[TimeControl "5400+30"]

1. d4 {[%emt 1:30:30]} Nf6 {[%emt 1:30:30]} 2. Nf3 {[%emt 0:00:30]} d5 {[%emt 0:00:30]} 3. c4 {[%emt 0:00:30]} c6 {[%emt 0:00:30]} 4. cxd5 {[%emt 0:00:30]} cxd5 {[%emt 0:00:30]} 5. Nc3 {[%emt 0:00:30]} Nc6 {[%emt 0:00:30]} 6. Bf4 {[%emt 0:00:30]} Bf5 {[%emt 0:00:30]} 7. e3 {[%emt 0:00:30]} e6 {[%emt 0:00:30]} 8. Bd3 {[%emt 0:00:30]} Bxd3 {[%emt 0:00:30]} 9. Qxd3 {[%emt 0:00:30]} Bd6 {[%emt 0:00:30]} 10. Bxd6 {[%emt 0:00:30]} Qxd6 {[%emt 0:00:30]} 1/2-1/2

[Event "Fall GM Norm Invitational 2020"]
[Site "Charlotte"]
[Date "2020.10.04"]
[Round "8.2"]
[White "Dragun, Kamil"]
[Black "Fernandez, Daniel"]
[Result "1-0"]
[WhiteElo "2561"]
[BlackElo "2470"]
[Annotator "TA"]
[PlyCount "69"]
[EventDate "2020.09.30"]
[EventType "tourn"]
[EventCountry "USA"]
[SourceTitle "playchess.com"]
[Source "ChessBase"]
[SourceQuality "1"]

{[%evp 25,69,14,7,0,5,0,0,0,32,31,30,34,31,26,42,16,33,34,28,0,0,0,0,0,0,0,11,0,0,0,0,-12,0,-5,-26,-15,30,24,42,37,420,419,414,398,503,445]} 1. d4 Nf6 2. c4 e6 3. Nf3 d5 4. Nc3 c6 5. e3 Nbd7 6. Qc2 Bd6 7. Be2 O-O 8. O-O dxc4 9. Bxc4 b5 10. Bd3 Bb7 11. e4 e5 12. dxe5 Nxe5 13. Nxe5 Bxe5 14. h3 {D46: Semi-Slav: 5 e3 Nbd7 6 Bd3, Black avoids the Meran.} Re8 15. Be3 a6 16. Rad1 {The position is equal.} Qc7 17. f4 Bxc3 $1 18. bxc3 c5 $1 {[%cal Rc5c4] [#] And now ...c4 would win.} 19. e5 c4 $1 {[%cal Rc4d3] [#]} 20. Be2 $146 ({But not} 20. exf6 cxd3 21. Qxd3 (21. Rxd3 Be4 $17) 21... Qc6 $15) (20. Bf5 $5 {[%cal Rd1d6]}) ({Predecessor:} 20. Bf5 g6 21. Bd4 gxf5 22. exf6 Be4 23. Qf2 Kh8 24. g4 Bb7 25. Kh2 Qc6 26. Rde1 Rxe1 27. Rxe1 {1-0 (40) Sethuraman,S (2529)-Ashwin,J (2473) Aurangabad 2011}) 20... Be4 21. Qc1 Nd5 22. Bd4 (22. Rd4 $5 {[%cal Rd4e4]} Nxe3 23. Qxe3 $11) 22... Qc6 23. Bf3 Bxf3 24. Rxf3 f6 25. exf6 Nxf6 26. f5 Rad8 27. Rg3 Rd7 28. Qh6 Kf8 29. Qh4 Re4 30. Qg5 b4 {[#] aiming for ...bxc3.} 31. Kh2 $1 {Bxf6! is the strong threat.} Rexd4 32. Rxd4 ({Of course not} 32. cxd4 Ne4 $17) 32... bxc3 $2 {[%mdl 8192]} ({Better is} 32... h6 $1 $14 33. Qf4 Rxd4 34. cxd4 c3 35. Qb8+ Kf7 36. Qa7+ Qd7) 33. Rxd7 $18 Qxd7 34. Qf4 Qd2 35. Qb8+ {Accuracy: White = 88%, Black = 76%.} 1-0